[Event "UKR-ch"]
[Site "Alushta"]
[Date "2009.05.18"]
[Round "8"]
[White "Ivanets, Sergey"]
[Black "Karyaka, Anatoly"]
[Result "0-1"]
[WhiteElo "2228"]
[BlackElo "2126"]
[PlyCount "70"]
[EventDate "2009.05.11"]
[EventType "swiss"]
[EventRounds "9"]
[EventCountry "UKR"]
[SourceTitle "CBM 130 Extra"]
[Source "ChessBase"]
[SourceDate "2009.07.02"]
[SourceVersion "2"]
[SourceVersionDate "2009.07.15"]
[SourceQuality "1"]

1. e4 e6 2. d4 d5 3. e5 c5 4. c3 Qb6 5. Nf3 Bd7 6. Be2 Bb5 7. c4 Bxc4 8. Bxc4 dxc4 9. d5 Ne7 10. Nc3 Nd7 11. 0-0 0-0-0 12. Ng5 Nxe5 13. f4 h6 14. fxe5 hxg5 15. Rxf7 Nxd5 16. Bxg5 Be7 17. Bxe7 Nxe7 18. Qe2 Nf5 19. Qxc4 Rh4 20. Ne4 Kb8 21. Re1 Rdh8 22. h3 Qc6 23. Qc2 Rf4 24. Ng5 c4 25. Kh2 Qb6 26. Qd2 Rf2 27. Re2 c3 28. bxc3 Rf1 29. Nf3 a6 30. Qb2 Qc6 31. Rf2 Rd1 32. Nd4 Rxh3+ 33. Kxh3 Rh1+ 34. Kg4 Qe4+ 35. Kg5 Qh4+ 0-1

[Event "UKR-ch"]
[Site "Alushta"]
[Date "2009.05.12"]
[Round "2"]
[White "Pavlov, Maxim"]
[Black "Karyaka, Anatoly"]
[Result "1-0"]
[WhiteElo "2353"]
[BlackElo "2126"]
[PlyCount "69"]
[EventDate "2009.05.11"]
[EventType "swiss"]
[EventRounds "9"]
[EventCountry "UKR"]
[SourceTitle "CBM 130 Extra"]
[Source "ChessBase"]
[SourceDate "2009.07.02"]
[SourceVersion "2"]
[SourceVersionDate "2009.07.15"]
[SourceQuality "1"]

1. e4 e6 2. d4 d5 3. Nd2 dxe4 4. Nxe4 Bd7 5. Nf3 Bc6 6. Bd3 Nd7 7. 0-0 Be7 8. b3 Ngf6 9. Ng3 0-0 10. Bb2 Bxf3 11. Qxf3 c6 12. c4 Re8 13. Rad1 Qc7 14. Rfe1 Rad8 15. h3 Nf8 16. Nf1 Ng6 17. g3 Rd7 18. h4 Nf8 19. d5 cxd5 20. cxd5 Rxd5 21. Bxf6 gxf6 22. Ne3 Rc5 23. Ng4 Kg7 24. Qe3 f5 25. Qh6+ Kg8 26. Nf6+ Bxf6 27. Qxf6 Qe7 28. Qh6 Ng6 29. h5 Qf8 30. Qe3 Ne5 31. b4 Nxd3 32. Rxd3 Rc4 33. Rd7 Rxb4 34. Qd2 Rb6 35. Rc1 1-0

[Event "UKR-ch sf"]
[Site "Alushta"]
[Date "2008.05.19"]
[Round "9"]
[White "Karyaka, Anatoly"]
[Black "Seletsky, Grigory"]
[Result "0-1"]
[WhiteElo "2266"]
[BlackElo "2310"]
[PlyCount "62"]
[EventDate "2008.05.10"]
[EventType "swiss"]
[EventRounds "9"]
[EventCountry "UKR"]
[SourceTitle "CBM 124 Extra"]
[Source "ChessBase"]
[SourceDate "2008.07.03"]
[SourceVersion "1"]
[SourceVersionDate "2008.07.03"]
[SourceQuality "1"]

1. d4 c5 2. d5 e5 3. e4 d6 4. Bb5+ Nd7 5. Nf3 a6 6. Be2 Ngf6 7. Nbd2 b5 8. a4 Rb8 9. 0-0 c4 10. axb5 axb5 11. b4 Be7 12. Re1 Nb6 13. c3 Bd7 14. Qc2 0-0 15. Nf1 Na4 16. Rxa4 bxa4 17. Bxc4 Qc7 18. Bd3 Rfc8 19. Bd2 Rxb4 20. cxb4 Qxc2 21. Bxc2 Rxc2 22. Ne3 Rc8 23. Nd1 Rc4 24. Bg5 h6 25. Bxf6 Bxf6 26. Nd2 Rxb4 27. Ne3 Bg5 28. Ra1 Bb5 29. g3 Bd3 30. Rc1 Bxe3 31. fxe3 Rb2 0-1

[Event "UKR-ch sf"]
[Site "Alushta"]
[Date "2008.05.15"]
[Round "5"]
[White "Karyaka, Anatoly"]
[Black "Garaschuk, Vladimir"]
[Result "1/2-1/2"]
[WhiteElo "2266"]
[BlackElo "1948"]
[PlyCount "121"]
[EventDate "2008.05.10"]
[EventType "swiss"]
[EventRounds "9"]
[EventCountry "UKR"]
[SourceTitle "CBM 124 Extra"]
[Source "ChessBase"]
[SourceDate "2008.07.03"]
[SourceVersion "1"]
[SourceVersionDate "2008.07.03"]
[SourceQuality "1"]

1. d4 d5 2. c4 c6 3. Nc3 Nf6 4. Nf3 e6 5. e3 Nbd7 6. b3 Bd6 7. Be2 0-0 8. 0-0 Qe7 9. Bb2 dxc4 10. bxc4 e5 11. Qc2 Re8 12. Nd2 e4 13. Rae1 Nf8 14. f4 exf3 15. Bxf3 Ng4 16. Bxg4 Bxg4 17. e4 Ne6 18. Nb3 Rad8 19. Qf2 Bc7 20. e5 Nxd4 21. Nxd4 Rxd4 22. Nd5 Rxd5 23. cxd5 cxd5 24. Qxa7 Qb4 25. Bd4 Bb8 26. Qc5 Qxc5 27. Bxc5 Bxe5 28. Rb1 b5 29. Rfe1 Bd7 30. Rbd1 Bc6 31. Bd4 f6 32. Rc1 Re6 33. Rc5 Kf7 34. Bf2 Ke7 35. Rec1 Kd7 36. Rd1 Bc7 37. Rc2 Be5 38. Rd3 b4 39. Bd4 Bb5 40. Rdd2 Bf4 41. g3 Bxd2 42. Rxd2 Re4 43. Bc5 Kc6 44. Bf8 g6 45. Rb2 Bc4 46. Bxb4 f5 47. a3 d4 48. Kf2 d3 49. a4 h5 50. Bf8 Kd5 51. Bh6 Re6 52. a5 Kd4 53. h4 Re7 54. Bg5 Re6 55. Bh6 Bd5 56. Bg7+ Kc4 57. Bh6 Kc3 58. Bg7+ Kc4 59. Bh6 Ra6 60. Bd2 Re6 61. Bh6 1/2-1/2

[Event "UKR-ch sf"]
[Site "Alushta"]
[Date "2008.05.14"]
[Round "4"]
[White "Demidiukov, Evgeniy"]
[Black "Karyaka, Anatoly"]
[Result "0-1"]
[WhiteElo "2144"]
[BlackElo "2266"]
[PlyCount "60"]
[EventDate "2008.05.10"]
[EventType "swiss"]
[EventRounds "9"]
[EventCountry "UKR"]
[SourceTitle "CBM 124 Extra"]
[Source "ChessBase"]
[SourceDate "2008.07.03"]
[SourceVersion "1"]
[SourceVersionDate "2008.07.03"]
[SourceQuality "1"]

1. Nf3 f5 2. d4 Nf6 3. c4 e6 4. g3 Be7 5. Bg2 0-0 6. 0-0 d6 7. b3 Qe8 8. Nbd2 Nc6 9. Bb2 Bd8 10. Re1 d5 11. Ne5 Bd7 12. f3 Be7 13. e4 fxe4 14. Nxc6 Bxc6 15. fxe4 dxc4 16. bxc4 Bb4 17. a3 Ba5 18. Qe2 Qg6 19. d5 Bb6+ 20. Kh1 Ng4 21. Bf3 Nf2+ 22. Kg2 exd5 23. cxd5 Bd7 24. h4 Rae8 25. e5 Bg4 26. Rf1 Rxf3 27. Nxf3 Rf8 28. Rxf2 Bxf2 29. Qxf2 Rxf3 30. Qd2 Qe4 0-1